Defektoskopie v otázkách a odpovědích

Salvato in:
Dettagli Bibliografici
Natura: Libro
Pubblicazione: Praha : SNTL, 1989
Tags: Aggiungi Tag
Nessun Tag, puoi essere il primo ad aggiungerne!!

MARC

LEADER 00000nam a22000003a 4500
001 stu46658
005 20150408180313.0
008 ------s1989----cs----------------------d
040 |a STU  |b slo 
041 0
044 |a cs 
080 |a 620.179.1 
080 |a 621.002.6  |7 stu_us_auth*stu3201 
080 |a 658.562 
245 |a Defektoskopie v otázkách a odpovědích 
260 |a Praha :  |b SNTL,  |c 1989 
300 |a 325 s 
996 |b J84685  |c J*84685/K 6  |l JJK6  |s P  |a 0  |w stu46658_0001 
996 |b J84817  |c J*84817/K 13  |l JJK13  |s P  |a 0  |w stu46658_0002